000 00179 a2200097 4500
041 _aspa
100 _aLarragaą;Ana
245 _aLa gran rana bocona
942 _cBK
952 _71
999 _c20169
_d20169